| 000 | 00862 a2200229 4500 | ||
|---|---|---|---|
| 999 |
_c11377 _d11377 |
||
| 020 | _a9780241595824 | ||
| 050 | 0 | 0 |
_aHQ 1075 _bBUT 2024 |
| 100 | 1 |
_aButler, Judith, _d1956- _eauthor. |
|
| 245 | 1 | 0 |
_aWho's afraid of gender? / _cJudith Butler. |
| 250 | _aFirst edition. | ||
| 264 | 1 |
_aNew York, NY : _bFarrar, Straus and Giroux, _c2024. |
|
| 300 | _a308 pages | ||
| 336 |
_atext _btxt _2rdacontent |
||
| 337 |
_aunmediated _bn _2rdamedia |
||
| 338 |
_avolume _bnc _2rdacarrier |
||
| 504 | _aIncludes bibliographical references and index. | ||
| 520 | _a"A bold, essential account of how a fear of gender is fueling reactionary politics around the world"-- | ||
| 650 | 0 |
_aGender identity _xPolitical aspects. |
|
| 650 | 0 | _aSex. | |
| 942 |
_2lcc _cBK _h1075 _iBUT _kHQ |
||